书目信息 |
| 题名: |
计算机辅助焊接技术
|
|
| 作者: | 陈丙森 主编 | |
| 分册: | ||
| 出版信息: | 北京 机械工业出版社 1999.10 |
|
| 页数: | 343页 | |
| 开本: | 20cm | |
| 丛书名: | ||
| 单 册: | ||
| 中图分类: | TG409 | |
| 科图分类: | ||
| 主题词: | 焊接 , 切割 , 金属--粘接 | |
| 电子资源: | ||
| ISBN: | 7-111-07515-3 | |
| 000 | 00631nam0 2200217 450 | |
| 001 | 1437446155 | |
| 005 | 20141118102506.05 | |
| 010 | @a7-111-07515-3@dCNY36.00 | |
| 100 | @a20141118d1999 km y0chiy0120 ea | |
| 101 | 0 | @achi |
| 102 | @aCN@b110000 | |
| 200 | 1 | @a计算机辅助焊接技术@Aji suan ji fu zhu han jie ji shu@f陈丙森主编@Fchen bing sen zhu bian |
| 210 | @a北京@c机械工业出版社@d1999.10 | |
| 215 | @a343页@d20cm | |
| 606 | 0 | @a焊接 |
| 606 | 0 | @a切割 |
| 606 | 0 | @a金属@x粘接 |
| 690 | @aTG409@v4 | |
| 701 | 0 | @a陈丙森@Achen bing sen@4主编 |
| 801 | 0 | @aCN@b大连网信软件有限公司图书馆·11@c20141118 |
| 905 | @aZUCC@dTG409@eC366 | |
| 计算机辅助焊接技术/陈丙森主编.-北京:机械工业出版社,1999.10 |
| 343页;20cm |
| ISBN 7-111-07515-3:CNY36.00 |
| ● |
| 相关链接 |
|
|
|
正题名:计算机辅助焊接技术
索取号:TG409/C366
 
预约/预借
| 序号 | 登录号 | 条形码 | 馆藏地/架位号 | 状态 | 备注 |
| 1 | 63104 | 200631049 | 自科库501/501自科库 26排4列2层/ [索取号:TG409/C366] | 在馆 | |
| 2 | 63105 | 200631058 | 自科库501/501自科库 26排4列2层/ [索取号:TG409/C366] | 在馆 | |
| 3 | 63106 | 200631067 | 自科库501/501自科库 26排4列2层/ [索取号:TG409/C366] | 在馆 |